| 000 | 00700nam a22002055i 4500 | ||
|---|---|---|---|
| 001 | 168170 | ||
| 003 | ES-MaACL | ||
| 005 | 20250717013102.0 | ||
| 008 | 940301s1891 fr |||| | fre d | ||
| 040 |
_aAS _bspa |
||
| 100 | 1 |
_aZola, Émile, _d1840-1902 _9118331 |
|
| 245 | 1 | 2 |
_aL'argent / _cpar Emile Zola. |
| 260 |
_aParis : _bG. Charpentier et E. Fasquelle, ed., _c1891 ( _fImprimeries réunies) |
||
| 300 |
_a445 p. ; _c19 cm. |
||
| 490 | 1 | _aBiblothèque-Charpentier. Les Rougon-Macquart | |
| 830 | 0 |
_aBiblothèque-Charpentier. Les Rougon-Macquart _9222686 |
|
| 852 |
_aES-MaACL _jB-3256 _z-- Enc. pasta |
||
| 852 |
_aES-MaACL _jD-3188 _z-- Enc. hol. |
||
| 999 |
_c168170 _d168170 |
||